Statistics for Lord of the Rings Characters by Screen Time

Click here to take the quiz!

General Stats

  • This quiz has been taken 54,690 times
  • The average score is 16 of 25

Answer Stats

MinutesCharacter% Correct
121Frodo Baggins
98%
71Gandalf
97%
78Samwise Gamgee
95%
31Legolas
91%
74Aragorn
88%
31Gimli
87%
50Pippin Took
87%
41Merry Brandybuck
81%
9Saruman
81%
20Boromir
79%
34Gollum
79%
4Sauron
79%
13Bilbo Baggins
75%
12Faramir
66%
12Elrond
61%
15Arwen
60%
8Galadriel
59%
18Éowyn
52%
24Théoden
49%
8Éomer
38%
10Treebeard
36%
5Grima Wormtongue
34%
6Denethor
33%
7The Witch King
23%
4Gamling
8%

Score Distribution

Percentile by Number Answered

Percent of People with Each Score

Your Score History

You have not taken this quiz